A guide to MATLAB (Record no. 64009)

000 -LEADER
fixed length control field 00444nam a22001697a 4500
003 - CONTROL NUMBER IDENTIFIER
control field NUST - PNEC
005 - DATE AND TIME OF LATEST TRANSACTION
control field 20170116180831.0
008 - FIXED-LENGTH DATA ELEMENTS--GENERAL INFORMATION
fixed length control field 150730b xxu||||| |||| 00| 0 eng d
020 ## - INTERNATIONAL STANDARD BOOK NUMBER
International Standard Book Number 0521540860
040 ## - CATALOGING SOURCE
Transcribing agency LIBRARY
082 ## - DEWEY DECIMAL CLASSIFICATION NUMBER
Classification number 519.4028553042 HUN
100 ## - MAIN ENTRY--PERSONAL NAME
9 (RLIN) 4599
Personal name Hunt, Brian R
245 ## - TITLE STATEMENT
Title A guide to MATLAB
Statement of responsibility, etc. Brian R. Hunt
250 ## - EDITION STATEMENT
Edition statement c 2001
650 ## - SUBJECT ADDED ENTRY--TOPICAL TERM
9 (RLIN) 4601
Topical term or geographic name entry element Numerical calculations--Data processing
General subdivision -
942 ## - ADDED ENTRY ELEMENTS (KOHA)
Source of classification or shelving scheme
Koha item type Book
Holdings
Withdrawn status Lost status Source of classification or shelving scheme Damaged status Not for loan Permanent Location Current Location Shelving location Date acquired Total Checkouts Full call number Barcode Date last seen Price effective from Koha item type
          Pakistan Navy Engineering College (PNEC) Pakistan Navy Engineering College (PNEC)       519.4028553042 HUN PNECLIB-029294 07/30/2015   Book
© 2023 Central Library, National University of Sciences and Technology. All Rights Reserved.